000 00218nam a2200085Ia 4500
008 120527s9999 xx 000 0 und d
100 _aHIROSHI, M.
245 _aEscape from imparse-The decision to open Japan
942 _cBK
999 _c25816
_d25816